Statistics for 2022 FIFA World Cup Group A - Ecuador - Senegal

Click here to take the quiz!

General Stats

  • This quiz has been taken 58 times
    (53 since last reset)
  • The average score is 15 of 31

Answer Stats

Player% Correct
Enner Valencia
93%
Édouard Mendy
89%
Nampalys Mendy
89%
Moisés Caicedo ¹
82%
Boulaye Dia
79%
Kalidou Koulibaly ¹
79%
Pervis Estupiñán
71%
Ismaïla Sarr ¹
68%
Idrissa Gueye
64%
Pape Gueye
64%
Abdou Diallo
57%
Piero Hincapié
57%
Youssouf Sabaly
57%
Aliou Cissé
54%
Pape Abou Cissé
54%
Pathé Ciss
50%
Gonzalo Plata
43%
Jeremy Sarmiento
36%
Ángelo Preciado
32%
Hernán Galíndez
32%
Félix Torres
29%
Gustavo Alfaro
29%
Iliman Ndiaye
29%
Ismail Jakobs
29%
Michael Estrada
29%
Bamba Dieng
25%
Carlos Gruezo
25%
José Cifuentes
25%
Alan Franco
21%
Jackson Porozo
18%
Djorkaeff Reasco
14%

Score Distribution

Percentile by Number Answered

Percent of People with Each Score

Your Score History

You have not taken this quiz since the last reset